Statistics for Colours

Click here to take the quiz!

General Stats

  • This quiz has been taken 2,061 times
  • The average score is 11 of 20

Answer Stats

Answer% Correct
Blue
99%
Red
99%
Green
98%
Yellow
98%
Orange
96%
Purple
94%
Pink
91%
White
86%
Grey
69%
Violet
63%
Indigo
52%
Gold
48%
Magenta
31%
Cyan
30%
Maroon
30%
Lime
23%
Fuschia
11%
Amber
10%
Honeydew
4%
Mauvre
2%

Score Distribution

Percentile by Number Answered

Percent of People with Each Score

Your Score History

You have not taken this quiz